[Event "Subang Jaya op 12th"]
[Site "Subang Jaya"]
[Date "2024.01.27"]
[Round "1"]
[White "Mohd Nurul Izani, Muhd Irzam Danial"]
[Black "Gan, Yeun Bin"]
[Result "0-1"]
[WhiteElo "1074"]
[BlackElo "1469"]
[PlyCount "90"]
[EventDate "2024.01.27"]
[EventType "swiss"]
[EventRounds "8"]
[EventCountry "MAS"]
[SourceTitle "CB06_2024"]
[SourceDate "2024.02.07"]
[SourceVersion "1"]
[SourceVersionDate "2024.02.07"]
[SourceQuality "1"]

1. d4 d5 2. Bf4 Nf6 3. e3 e6 4. a3 c5 5. Nf3 Nc6 6. c4 cxd4 7. Nxd4 Nxd4 8. Qxd4 Be7 9. Be2 0-0 10. Nc3 dxc4 11. Rd1 Qxd4 12. Rxd4 Nd5 13. Rxc4 Nxf4 14. Rxf4 Bd7 15. 0-0 Bc6 16. Rd1 Bf6 17. Bf3 Bxf3 18. gxf3 Rfd8 19. Rxd8+ Rxd8 20. Rb4 b6 21. Ne4 Be7 22. Rc4 f5 23. Rc7 fxe4 24. Rxe7 exf3 25. h3 Rd5 26. Rxa7 Rg5+ 27. Kf1 Rh5 28. Rb7 Rxh3 29. Kg1 Rh4 30. Rxb6 Rg4+ 31. Kf1 h5 32. Rb4 Rxb4 33. axb4 Kf7 34. Kg1 e5 35. e4 h4 36. Kh2 Ke6 37. b5 Kd6 38. Kh3 g5 39. Kg4 Kc5 40. Kxf3 Kxb5 41. Kg4 Kc4 42. f4 gxf4 43. b4 Kxb4 44. Kxh4 Kc4 45. Kg4 Kd4 0-1